000 00649nam a2200241Ia 4500
005 20260430150005.0
008 008 250103s9999 xx 000 0 eng d
037 _aTheses
040 _aCRL
040 _beng
040 _ceng
041 _2eng
041 _aeng
084 _qCRL
100 _aPrasad Ganesh Au.; Verma Rajiv Kumar Gu.
_91236127
245 0 _aImpact of buddhism on the polity, economy and culture of Bihar (600BCE-200 BCE)
260 _c2021
300 _a226p.
650 _aBuddhism
700 _aUniversity of Delhi. Faculty of Arts. Department of Buddhist Studies
942 _cTH
999 _c1848669
_d1848669